| 000 | 011880000a22003370004500 | ||
|---|---|---|---|
| 001 | 20385 | ||
| 003 | CO-MdFUSB | ||
| 005 | 20241002062721.0 | ||
| 008 | 160926t1986 xxu||||f |||| 00| 0 eng d | ||
| 020 | _a0-664-21907-1 | ||
| 040 |
_aCO-MdFUSB _bEspañol _cCO-MdFUSB _dCO-MdFUSB _erda |
||
| 041 | _aeng | ||
| 082 |
_224 _a220.601 _bK95e |
||
| 100 | 1 |
_aKugel, James L. _eautor |
|
| 245 | 0 | 0 |
_aEarly biblical interpretation _c / James L. Kugel, Rowan A. Greer |
| 264 | 4 |
_aPhiladephia, Pennsylvania : _bThe Westminster Press, _c©1986 |
|
| 300 | _a214 páginas | ||
| 336 |
_2rdacontent _a1 _ba1 |
||
| 337 |
_2rdamedia _a2 _b5 |
||
| 338 |
_2rdacarrier _a2 _b5 |
||
| 500 | _aIncluye índice (p. 209-214) | ||
| 501 | _aRústico | ||
| 505 | 0 | 0 | _aInterpretación bíblica temprana - El trasfondo común de formas tardías de la exégesis bíblica - La Biblia cristiana y su interpretación |
| 650 | 7 |
_9418 _aHermenéutica |
|
| 650 | 7 |
_9404 _aBiblia _xCrítica, interpretación, etc. |
|
| 650 | 7 |
_aCristianismo _xHistoria _y0030-0600 (Iglesia primitiva) _2 _9217 |
|
| 653 | _aBible - Hermeneutics | ||
| 653 | _aLa hermenéutica de la Biblia | ||
| 942 | _cBK | ||
| 999 |
_c46736 _d46736 |
||